Sports Quiz

Random Sports or NHL Quiz
Score 0/74 Timer 08:00
0 Plays Today
Years Player % Correct
1996-2013Daniel Alfredsson
100%
2010-18Erik Karlsson
96.6%
2006-09Dany Heatley
96.6%
2003-14Jason Spezza
89.7%
1994-2001Alexei Yashin
89.7%
1995-2004Radek Bonk
89.7%
1998-2004Marian Hossa
89.7%
1998-2015Chris Phillips
89.7%
2002-06Zdeno Chara
86.2%
1997-2008Wade Redden
82.8%
2012-18Kyle Turris
82.8%
2014-Bobby Ryan
82.8%
1994-98Alexandre Daigle
82.8%
2013-19Mark Stone
79.3%
2001-06Martin Havlat
75.9%
2012-18Mike Hoffman
75.9%
2010-16Milan Michalek
75.9%
2001-04Todd White
75.9%
2000-11Mike Fisher
72.4%
2002-17Chris Neil
72.4%
2009-19Zack Smith
72.4%
2013-Jean-Gabriel Pageau
72.4%
2018-19Matt Duchene
72.4%
1997-2002Shawn McEachern
69%
2003-10Anton Volchenkov
62.1%
2011-13Sergei Gonchar
62.1%
2017-Thomas Chabot
62.1%
2012-16Mika Zibanejad
58.6%
1993-95Sylvain Turgeon
58.6%
2010-11Alexei Kovalev
58.6%
2004-11,17Chris Kelly
51.7%
2003-07Peter Schaefer
51.7%
2014-19Cody Ceci
51.7%
2014-17Clarke MacArthur
51.7%
2013-17Marc Methot
51.7%
2016-18Dion Phaneuf
51.7%
1998-2003Magnus Arvedson
48.3%
Years Player % Correct
2004-09Antoine Vermette
48.3%
2017-18Derick Brassard
48.3%
2008-12Nick Foligno
44.8%
2003-06Bryan Smolinski
44.8%
2011-16Colin Greening
44.8%
1997-2001Andreas Dackell
41.4%
2006-08Andrej Meszaros
41.4%
1993-95Norm Maciver
41.4%
2000-04Karel Rachunek
41.4%
1995-98Randy Cunneyworth
41.4%
1996-97Steve Duchesne
41.4%
2007-08,14Joe Corvo
41.4%
2007-09Dean McAmmond
41.4%
2016-19Ryan Dzingel
37.9%
2011-15Erik Condra
37.9%
1998-2001Igor Kravchuk
37.9%
2009-11Jarkko Ruutu
37.9%
1997-2000,03-04Shaun Van Allen
34.5%
2006-08Patrick Eaves
34.5%
1997-2001Jason York
31%
2009-12Filip Kuba
31%
1998-2001Vaclav Prospal
31%
1999-2002Sami Salo
31%
1993-95Brad Shaw
31%
1996-97Tom Chorske
31%
2006-09Christoph Schubert
27.6%
2009-11Ryan Shannon
27.6%
2011-16Patrick Wiercioch
24.1%
2009-13Peter Regin
24.1%
1997-98Sergei Zholtok
24.1%
1996-2000Janne Laukkanen
17.2%
2000-01Rob Zamuner
17.2%
1993-94Mark Lamb
17.2%
1997-2000Bruce Gardiner
17.2%
2008-12Jesse Winchester
17.2%
1993-94Bob Kudelski
13.8%
1994-96Dave McLlwain
13.8%
Remove Ads.
Support Sporcle.
Get the best of Sporcle when you Go Orange. This ad-free experience offers more features, more stats, and more fun while also helping to support Sporcle. Thank you for becoming a member.

You're not logged in!

Compare scores with friends on all Sporcle quizzes.
OR
Log In

Sporcle TV

Today on Sporcle TV


Watch our educational content, quiz creation guides, and fun videos on Sporcle TV.

Show Comments

Extras

Created Mar 15, 2012ReportNominate
Tags:NHL Quiz, Ottawa Senators

Top Quizzes Today


Score Distribution

Paid Content

Your Account Isn't Verified!

In order to create a playlist on Sporcle, you need to verify the email address you used during registration. Go to your Sporcle Settings to finish the process.

Report this User

Report this user for behavior that violates our Community Guidelines.

Details: